Statistics for Capitals of the Countries that Start with A

Click here to take the quiz!

General Stats

  • This quiz has been taken 37 times
  • The average score is 10 of 11

Answer Stats

Country Capital % Correct
AfghanistanKabul
100%
AlbaniaTirana
100%
AlgeriaAlgiers
100%
ArgentinaBuenos Aires
100%
AustraliaCanberra
100%
AustriaVienna
100%
AndorraAndorra la Vella
97%
AzerbaijanBaku
97%
AngolaLuanda
88%
ArmeniaYerevan
85%
Antigua and BarbudaSt. John's
73%

Score Distribution

Percentile by Number Answered

Percent of People with Each Score

Your Score History

You have not taken this quiz